| 000 | 00521nam a22001817a 4500 | ||
|---|---|---|---|
| 005 | 20241002075847.0 | ||
| 008 | 241002b |||||||| |||| 00| 0 eng d | ||
| 020 | _a9781776177035 | ||
| 041 | _aEnglish | ||
| 082 | _a346.2 AWA | ||
| 100 | _lEnglish | ||
| 245 |
_aThe Law of Contract in Namibia / _cMR Awarab |
||
| 250 | _aFirst Edition | ||
| 260 |
_aDurban: _bLexisNexis (Pty) Ltd, _c2024 |
||
| 300 |
_bxiii, 227 pages; _c26 cm. |
||
| 650 |
_aLegal practice _bLaw |
||
| 942 |
_cBK _6ALISON_BN_VRIES |
||
| 999 |
_c3192 _d3192 |
||